Vista normal Vista MARC

Entrada Topical Term

Número de registros utilizados en: 1

001 - CONTROL NUMBER

  • control field: 69099

003 - CONTROL NUMBER IDENTIFIER

  • control field: OSt

005 - DATE AND TIME OF LATEST TRANSACTION

  • control field: 20260220211343.0

008 - FIXED-LENGTH DATA ELEMENTS

  • fixed length control field: 260220|| aca||aabn | a|a d

040 ## - CATALOGING SOURCE

  • Original cataloging agency: OSt
  • Transcribing agency: OSt

150 ## - HEADING--TOPICAL TERM

  • Topical term or geographic name entry element: Genoma humano
  • General subdivision: Investigaciones

670 ## - SOURCE DATA FOUND

  • Source citation: Work cat.: (OSt)60567: Soberon Mainero, Francisco Xavier, 1955- aut 69096, La ingeniería genética, la nueva biotecnología y la era genómica /









Instituto Departamental de Cultura del Meta - Red Departamental de Bibliotecas Públicas del Meta.